000 00399nam a2200169Ia 4500
008 230524s9999 xx 000 0 und d
020 _a9780070260627
082 _a537
_bNAG
100 _aP.K.Nag
245 0 _aEngineering Thermodynamics
250 _a2ND
260 _aNEW DELHI
_bTMH
_c2004
300 _aXVI;678
500 _aQuantity Number: 350
650 _aThermodynamics
942 _cBK
999 _c12094
_d12094